15 Categories: Letter 'F' Blitz Quiz Stats

 Plays Quiz Updated Jun 28, 2018

Challenge
Share
Tweet
Embed
Score 0/15 Timer 01:00
37 Plays Today
Hint Answer % Correct
Italian car brandFerrari (Fiat)
90%
U.S. StateFlorida
88.2%
Official U.N. languageFrench
85.9%
The Black Eyed Peas vocalistFergie
84.1%
Atlanta NFL teamFalcons
82%
Valentine's monthFebruary
76.9%
Oceanic countryFiji
73.7%
Poker handFlush
73.6%
Hint Answer % Correct
U.S. PresidentFord (Fillmore)
68.8%
Scooby-Doo gang memberFred
64.7%
TV Show: Bender and FryFuturama
56.9%
Disney animated classicFantasia (Frozen)
56.5%
Author: Casino RoyaleFleming
54.6%
Horseman of the ApocalypseFamine
38.8%
Element: Chemical symbol FFluorine
36.1%

You're not logged in!

Compare scores with friends on all Sporcle quizzes.
Join for Free
OR
Log In

You Might Also Like...

Show Comments

Extras

Top Quizzes Today


Score Distribution

Your Account Isn't Verified!

In order to create a playlist on Sporcle, you need to verify the email address you used during registration. Go to your Sporcle Settings to finish the process.

Report this User

Report this user for behavior that violates our Community Guidelines.

Details: